Rǧimen jurd̕ico de los actos unilaterales de los estados

Detalles Bibliográficos
Autor principal: Bondia Garca̕, David
Formato: Desconocido
Lenguaje:español
Publicado: Barcelona : BOSCH EDITOR, 2004
Materias:
Acceso en línea:Acceso restringido

MARC

LEADER 00000ny a22000003n 4500
005 20110623165451.0
006 m u
007 cr cn|||||||||
008 200805r20042008sp |||||s|||||||||||spa d
020 |a 9788476987155 
035 |a 612 
040 |a FlNmELB  |c FlNmELB  |d vlex 
050 1 4 |a KZ3910  |b B711 2004eb 
080 |a 341.1/.8 
090 |c 1194  |d 1194 
100 1 |a Bondia Garca̕, David 
245 1 0 |a Rǧimen jurd̕ico de los actos unilaterales de los estados  |h [Recurso electrn̤ico]  |c David Bondia Garca̕ 
256 |a Servicio en ln̕ea 
260 |a Barcelona :  |b BOSCH EDITOR,  |c 2004 
300 |a 9-221 p 
506 1 |a Contenido solo disponible en los productos indicados  |d vLex Global  |d vLex Global (Academic Edition, excluding Law Schools)  |d vLex Global (U.S. Academic Edition, Law Schools)  |d vLex Global (U.S. Academic Edition, excluding Law Schools)  |d vLex Global (Academic Edition, Law Schools) 
650 0 7 |a Derecho internacional  |2 Tesauro vLex 
650 0 7 |a Civil  |2 Tesauro vLex 
650 0 7 |a Derecho internacional pb︢lico  |2 Tesauro vLex 
740 0 |a vLex Libros (Servicios en ln̕ea) 
856 4 0 |z Acceso restringido  |u http://vlex.com/source/actos-unilaterales-estados-612 
942 |c BOOK